| 000 | 01119nam a2200409Ia 4500 | ||
|---|---|---|---|
| 001 | 4027 | ||
| 005 | 20240113233708.0 | ||
| 007 | ta | ||
| 008 | 170601s1981 ii a g b000 u 465 u | ||
| 020 | _a0-07-099005-0 | ||
| 040 | _aCotton College,Assam | ||
| 041 | _aeng | ||
| 082 |
_a515 _bAy 71 Sc |
||
| 100 | _aAyres, Frank . | ||
| 245 | 0 |
_aTheory and Problems of Differential and Integral Calculus / _cFrank Ayres. _hTextual Documents |
|
| 250 | _a3rd ed. / | ||
| 260 |
_aSingapore : _bMcGraw-Hill International Book Company , _c1981. |
||
| 300 |
_a484 : _bill. ; _c27cm . |
||
| 440 | _aSchaum`s Outline series, | ||
| 490 | _aSchaum`s Outline series, | ||
| 500 | _aincludes 1170 solved problems | ||
| 653 | _aMathematics,G-Calculus | ||
| 653 | _aCalculus-Integral | ||
| 653 | _aIntegral Calculus | ||
| 653 | _aPG-Mathematics | ||
| 653 | _aG-Mathematics | ||
| 700 | _aMendelson, Elliott . | ||
| 942 |
_2ddc _cBK |
||
| 999 |
_c4015 _d4015 |
||